000 00793nam a2200241Ia 4500
003 OSt
005 20221005102946.0
006 a|||||r|||| 00| 0
007 ta
008 221004b |||||||| |||| 00| 0 hin d
024 _a1583
037 _cTextual
040 _aCRL
_cCRL
_bhin
041 _2hin
_ahin
082 _aO152,1I00:g, N4
100 _aवासुदेव सिंह
245 0 _aकबीर
_b साहित्य और साधना
246 _aKabīra: sāhitya aur sādhanā
260 _aइलाहाबाद
_bज्ञान भारती भारत
_c1994
650 _aहिन्दी साहित्य
942 _hO152,1I00:g, N4
_cTEXL
_2cc
999 _c1009160
_d1009160